| 000 | 00578nam a2200157 4500 | ||
|---|---|---|---|
| 008 | 230530b |||||||| |||| 00| 0 eng d | ||
| 020 | _a9781684892761 | ||
| 020 | _a1684892767 | ||
| 050 |
_aPC 2112 _b.B53 2023 |
||
| 100 | _aFrederic Bibard | ||
| 245 |
_aFrench grammar for intermediate level : _b the most complete textbook and workbook for French learners |
||
| 260 |
_a[Place of publication not identified], : _bTalkInFrench.com, _c2023 |
||
| 300 |
_ax, 171p. ; _c28 cm |
||
| 650 |
_aFrench language _xGrammar |
||
| 942 |
_2lcc _hPC 2112 .B53 2023 _cBOOKS |
||
| 999 |
_c31578 _d31578 |
||